[Event "7th Lippe Cup"]
[Site "Lieme GER"]
[Date "2010.10.16"]
[Round "2"]
[White "Zuyev,I"]
[Black "Friesen,Viktor"]
[Result "1-0"]
[WhiteElo "2331"]
[BlackElo "2137"]

1.e4 d5 2.exd5 Qxd5 3.Nc3 Qd8 4.d4 g6 5.Bf4 Bg7 6.Qd2 c6 7.Nf3 Nf6 8.Be2 Bg4
9.h3 Bxf3 10.Bxf3 Nbd7 11.O-O Nb6 12.b3 O-O 13.Bh2 Nbd5 14.Nxd5 cxd5 15.Rfe1 e6
16.c4 Rc8 17.Rac1 Qd7 18.Be5 Rfd8 19.Qb4 dxc4 20.bxc4 b6 21.Qb2 Ne8 22.d5 Bxe5
23.Qxe5 exd5 24.Bxd5 Nc7 25.Bb7 Rb8 26.Be4 Ne6 27.Bd5 Re8 28.Qf6 Rbc8 29.Re2 Nc5
30.Rce1 Rxe2 31.Rxe2 Rc7 32.h4 Ne6 33.Rxe6  1-0

[Event "7th Lippe Cup"]
[Site "Lieme GER"]
[Date "2010.10.17"]
[Round "4"]
[White "Soelter,R"]
[Black "Heinzel,O"]
[Result "0-1"]
[WhiteElo "2089"]
[BlackElo "2324"]

1.e4 d5 2.exd5 Qxd5 3.Nc3 Qd6 4.d4 Nf6 5.Be2 c6 6.Be3 Bf5 7.Nf3 Nbd7 8.O-O e6
9.Qd2 Qc7 10.Bf4 Bd6 11.Bxd6 Qxd6 12.Rfe1 Bg4 13.h3 Bxf3 14.Bxf3 O-O 15.a3 Nb6
16.Rad1 Nc4 17.Qc1 Qc7 18.b3 Nd6 19.Re5 Rfd8 20.Rd3 Nf5 21.Qf4 Qd6 22.Ne2 Qxa3
23.Ng3 Nxd4 24.Rg5 h6 25.Rxg7+ Kxg7 26.Nh5+ Nxh5 27.Bxh5 Qa1+ 28.Kh2 Nf5
29.Rg3+ Nxg3 30.Qxf7+ Kh8 31.fxg3 Qg7 32.Qxe6 Rd5 33.Bf3 Re5 34.Qd6 Rf8  0-1

[Event "32nd Open"]
[Site "Arco ITA"]
[Date "2010.10.18"]
[Round "3"]
[White "Calavalle,G"]
[Black "Sautto,A"]
[Result "1/2-1/2"]
[WhiteElo "2238"]
[BlackElo "1955"]

1.e4 d5 2.Nc3 dxe4 3.Nxe4 Qd5 4.Nc3 Qd8 5.Bc4 Nf6 6.Nge2 e5 7.d3 Nc6 8.a3 h6
9.Ng3 Bg4 10.f3 Bd7 11.Be3 Nd4 12.Nce4 Nf5 13.Bf2 Nxg3 14.Bxg3 Bd6 15.O-O Nxe4
16.fxe4 O-O 17.Qh5  1/2-1/2

[Event "32nd Open"]
[Site "Arco ITA"]
[Date "2010.10.20"]
[Round "5"]
[White "Valenti,G"]
[Black "Sautto,A"]
[Result "1-0"]
[WhiteElo "2162"]
[BlackElo "1955"]

1.e4 d5 2.exd5 Qxd5 3.Nc3 Qd8 4.d4 c6 5.Nf3 Bf5 6.Bc4 Nf6 7.O-O e6 8.Re1 Be7
9.h3 h6 10.Ne5 Nbd7 11.Bf4 Nxe5 12.Bxe5 O-O 13.a3 Bd6 14.Qe2 Nd5 15.Ne4 Nf4
16.Qf3 Bxe5 17.dxe5 Bxe4 18.Rxe4 Ng6 19.Bd3 Qg5 20.Rae1 h5 21.g3 Rad8 22.h4 Qh6
23.Qe3 Qxe3 24.R1xe3 Ne7 25.Re1 Rd7 26.a4 Rfd8 27.Kg2 g6 28.b4 Nd5 29.a5 a6
30.g4 hxg4 31.Rxg4 Kg7 32.h5 Ne7 33.Rh1 Rd4 34.Rg3 R8d5 35.hxg6 Nxg6 36.Bxg6 fxg6
37.Rh5 Re4 38.Rhg5 Rexe5 39.Rxg6+ Kf7 40.Rg7+ Kf6 41.Rxb7 Rb5 42.Rgg7 Rg5+
43.Rxg5 Rxb7 44.Rc5 Rxb4 45.Rxc6 Rb2 46.Rxa6 Rxc2 47.Ra8 Ra2 48.a6 Ra3 49.a7 Kg7
50.Kf1 Ra2 51.Ke1 Kh7 52.Kd1 Kg7 53.Kc1 Ra5 54.Kb2 Ra6 55.Kc3 Ra1 56.Kd4 Ra5
57.Kc4 Ra2 58.f4 Kh7 59.Kc5 Ra6 60.Kb5 Ra2 61.Kc6 Ra6+ 62.Kb7  1-0

[Event "32nd Open"]
[Site "Arco ITA"]
[Date "2010.10.20"]
[Round "5"]
[White "Calavalle,G"]
[Black "Riepma,Henk"]
[Result "1-0"]
[WhiteElo "2238"]
[BlackElo "2079"]

1.e4 d5 2.exd5 Qxd5 3.Nc3 Qd6 4.d4 Nf6 5.Nf3 a6 6.a4 Bg4 7.h3 Bh5 8.g3 Nc6
9.g4 Bg6 10.Bg2 Nb4 11.O-O Nxc2 12.Ne5 Nxa1 13.Bxb7 Rb8 14.Bc6+ Kd8 15.Bf4 Qb4
16.Qxa1 Qxb2 17.Bb5 Qxa1 18.Nc6+ Kd7 19.Nxb8+ Kc8 20.Bxa6+ Kxb8 21.Rxa1 e6
22.Ra2 Ka7 23.Be2 c6 24.Rb2 Be7 25.a5 Nd5 26.Nxd5 cxd5 27.a6 Bf6 28.Rb7+ Ka8
29.Bb5 Rc8 30.Bc7 Bd8 31.Bc6 Bxc7 32.Rxc7+ Kb8 33.Rxc8+  1-0

[Event "32nd Open"]
[Site "Arco ITA"]
[Date "2010.10.20"]
[Round "5"]
[White "Welz,P"]
[Black "Gardini,E"]
[Result "1-0"]
[WhiteElo "2156"]
[BlackElo "1815"]

1.e4 d5 2.exd5 Qxd5 3.Nc3 Qd6 4.d4 Nf6 5.Bc4 a6 6.Nge2 b5 7.Bb3 e6 8.O-O Be7
9.Bf4 Qd8 10.d5 Nxd5 11.Bxd5 exd5 12.Qxd5 Ra7 13.Qf3 Bb7 14.Qg3 O-O 15.Bxc7 Qc8
16.Bb6 Ra8 17.Rad1 Nd7 18.Bd4 Bf6 19.a3 Qc6 20.Nf4 Bxd4 21.Rxd4 Nf6 22.Rfd1 Qc5
23.Rd6 Ne4 24.Nxe4 Bxe4 25.c3 Bc2 26.R1d5 Rae8 27.h4 Re1+ 28.Kh2 Qc7 29.Nh5 f6
30.f4 Rf1 31.Rd7  1-0

[Event "Guernsey Open"]
[Site "Grand Havre Bay GBG"]
[Date "2010.10.20"]
[Round "4"]
[White "Mack,W"]
[Black "Westerkamp,B"]
[Result "1-0"]
[WhiteElo "2256"]
[BlackElo "2063"]

1.e4 d5 2.exd5 Qxd5 3.Nc3 Qd6 4.Bc4 Nf6 5.d3 c6 6.Qe2 Nbd7 7.a3 Nb6 8.Bb3 g6
9.Nf3 Bg7 10.O-O Bg4 11.h3 Bxf3 12.Qxf3 O-O 13.Bf4 Qd7 14.Be5 Nbd5 15.Rfe1 e6
16.Na4 Nh5 17.d4 Bxe5 18.dxe5 Qe7 19.c4 Nb6 20.Nc3 f5 21.exf6 Rxf6 22.Qe3 Nf4
23.Ne4 Rf7 24.g3 Nh5 25.Re2 Ng7 26.Rd1 Nf5 27.Qc5 Re8 28.Qxe7 Rexe7 29.Ng5 Rf6
30.g4 Ng7 31.c5 Nd7 32.Bxe6+ Nxe6 33.Rxe6 Rfxe6 34.Nxe6 Nf6 35.Rd8+ Kf7 36.Ng5+ Kg7
37.b4 h6 38.Nf3 Nd5 39.h4 Nc3 40.g5 h5 41.Kg2 Ne4 42.Rd3 a5 43.Nd4 axb4 44.axb4 b6
45.Nxc6 Rc7 46.cxb6 Rb7 47.Re3 Rxb6 48.Rxe4 Rxc6 49.b5 Rc7 50.b6 Rb7 51.Re6  1-0

[Event "WY Girls-U12"]
[Site "Porto Carras GRE"]
[Date "2010.10.20"]
[Round "1.4"]
[White "Oreshko,Mariya"]
[Black "Osmak,Iulija"]
[Result "0-1"]
[WhiteElo "1651"]
[BlackElo "1979"]

1.e4 d5 2.exd5 Qxd5 3.Nc3 Qd6 4.Nf3 Nf6 5.d4 a6 6.Be2 Bg4 7.O-O Nc6 8.Re1 e6
9.h3 Bh5 10.d5 Nd8 11.Bc4 b5 12.Bb3 c5 13.dxe6 c4 14.e7 Qxd1 15.exd8=Q+ Kxd8
16.Rxd1+ Kc8 17.Bf4 cxb3 18.cxb3 Bxf3 19.gxf3 Kb7 20.Be5 Rc8 21.Rac1 Be7
22.Bxf6 Bxf6 23.Rd7+ Kb8 24.Rxf7 b4 25.Ne2 Rxc1+ 26.Nxc1 Rd8 27.Ne2 Rd2 28.Nf4 Rxb2
29.Nd5 Bc3 30.Rc7 Rxa2 31.Kg2 Rd2 32.Rd7 a5 33.Nb6 Rxd7 34.Nxd7+ Kc7 35.Nc5 Kc6
36.Na4 Kd5 37.Kf1 Bd4 38.Ke2 g5 39.Ke1 Ke5 40.Kf1 Kf4 41.Kg2 h5 42.h4 gxh4
43.Kh3 Kxf3 44.Kxh4 Kxf2 45.Kxh5 Ke3 46.Kg4 Kd3 47.Kf4 Kc2 48.Ke4 Kxb3 49.Kxd4 Kxa4  0-1

[Event "15th European Club Cup Women"]
[Site "Plovdiv BUL"]
[Date "2010.10.21"]
[Round "5"]
[White "Borosova,Z"]
[Black "Borsuk,A"]
[Result "1/2-1/2"]
[WhiteElo "2277"]
[BlackElo "2270"]

1.e4 d5 2.exd5 Qxd5 3.Nc3 Qd6 4.d4 Nf6 5.Nf3 a6 6.Bd3 Nc6 7.O-O Bg4 8.Ne4 Nxe4
9.Bxe4 Bxf3 10.Bxf3 O-O-O 11.c3 e5 12.Bxc6 Qxc6 13.Qg4+ Kb8 14.dxe5 Bc5 15.Be3 Bxe3
16.fxe3 f6 17.exf6 gxf6 18.Qf3 Qb6 19.Rf2 Rd6 20.Raf1 Re8 21.Re1 Re5 22.Qg3 Rd3
23.Rfe2 Qe6 24.Qf4 h5 25.h3 Rf5 26.Qa4 Rg5 27.Rd1 b5 28.Qc2 Rxe3 29.Rxe3 Qxe3+
30.Kh1 Re5 31.Qd2 Qg5  1/2-1/2

[Event "15th European Club Cup Women"]
[Site "Plovdiv BUL"]
[Date "2010.10.22"]
[Round "6"]
[White "Nikolova,A"]
[Black "Borsuk,A"]
[Result "1-0"]
[WhiteElo "2295"]
[BlackElo "2270"]

1.e4 d5 2.exd5 Qxd5 3.Nc3 Qd6 4.d4 Nf6 5.Bd3 a6 6.Nge2 b5 7.Bf4 Qb6 8.a4 b4
9.Ne4 Nbd7 10.c4 bxc3 11.bxc3 e6 12.O-O Be7 13.Qc2 O-O 14.a5 Qc6 15.Nxf6+ Nxf6
16.Bg5 Bb7 17.f3 Qd7 18.Bxf6 gxf6 19.Bxh7+ Kg7 20.Be4 c6 21.f4 f5 22.Bf3 c5
23.Rad1 Rfd8 24.d5 Qc7 25.Ng3 c4 26.Kh1 Rd6 27.Nh5+ Kf8 28.Qf2 exd5 29.Qd4 f6
30.Qf2 Kf7 31.Qg3 Rg8 32.Qh3 Qc8 33.Ng3 Rh8 34.Bh5+ Kf8 35.Nxf5 d4 36.Qg4 Rg8
37.Qxg8+  1-0

[Event "Guernsey Open"]
[Site "Grand Havre Bay GBG"]
[Date "2010.10.23"]
[Round "7"]
[White "Hoare,Amy"]
[Black "De Kruif,K"]
[Result "1-0"]
[WhiteElo "1920"]
[BlackElo "2010"]

1.e4 d5 2.exd5 Qxd5 3.Nc3 Qd8 4.d4 e6 5.Nf3 Nf6 6.Bd3 Be7 7.O-O O-O 8.Be3 b6
9.Qe2 Bb7 10.Rfd1 Nbd7 11.Bc4 Nd5 12.Nxd5 Bxd5 13.Bd3 Bd6 14.c4 Bxf3 15.Qxf3 Qf6
16.Qg4 g6 17.Bg5 Qg7 18.Qh4 h5 19.Be4 f6 20.Be3 Rae8 21.Bc6 Re7 22.Qh3 e5
23.Bxd7 Rxd7 24.Bh6 Qxh6 25.Qxd7 exd4 26.Rxd4 Be5 27.Qd5+ Kg7 28.Rd2 c5 29.Rad1 Bd4
30.Re2 Rf7 31.Qf3 Qh8 32.b3 Qc8 33.Rde1 Qd7 34.Qe4 Be5 35.Qf3 Qd6 36.g3 Qd7
37.Re4 Qd6 38.Rd1 Bd4 39.Qe2 Rd7 40.Re1 Be5 41.Qf3 Qd2 42.R4e2 Qd6 43.Qe4 Qc7
44.Qf3 Qd6 45.Rc2 Qc7 46.Rd1 Bd4 47.Rcd2 Qd6 48.Kg2 Qc7 49.Rd3 Re7 50.R3d2 Rd7
51.Re2 Qd6 52.Qe4 Qc7 53.Qe8 Qb7+ 54.Qe4 Qc7 55.Rde1 Rf7 56.Qa8 Be5 57.f4 Bd6
58.Re8 Bf8 59.Rd8 Qb7+ 60.Qxb7 Rxb7 61.Ree8 Rf7 62.f5 g5 63.Kf3 Kg8 64.Ke4 Kg7
65.Kd5 h4 66.Ke6 hxg3 67.hxg3 g4 68.Rxf8  1-0

[Event "WY Girls-U12"]
[Site "Porto Carras GRE"]
[Date "2010.10.23"]
[Round "4.3"]
[White "Hojjatova,Aydan"]
[Black "Rodionova,Daria"]
[Result "1-0"]
[WhiteElo "1818"]
[BlackElo "1856"]

1.e4 d5 2.exd5 Qxd5 3.Nc3 Qd6 4.Nf3 Nf6 5.g3 a6 6.Bg2 Nc6 7.O-O g6 8.d3 Bg4
9.h3 Bxf3 10.Bxf3 Bg7 11.Re1 O-O 12.Be3 Rad8 13.Qd2 b6 14.Rad1 e5 15.Bg2 Nd4
16.Bg5 c5 17.f4 exf4 18.Bxf4 Qd7 19.Bg5 Rde8 20.Qf2 Nf5 21.Kh1 h6 22.Bxf6 Bxf6
23.Ne4 Bd4 24.Qf3 Kg7 25.c3 Be5 26.Rg1 Qc7 27.Bf1 h5 28.g4 hxg4 29.Qxg4 Ne3
30.Qf3 Nxd1 31.Qxd1 Rh8 32.Qf3 Qc6 33.Bg2 Rd8 34.Qe3 Qc7 35.Rf1 Rh4 36.Qf2 Rdh8
37.Ng5 Bf4 38.Nf3 R4h5 39.d4 Qd7 40.Kg1 c4 41.Ne5 Bxe5 42.dxe5 Rf5 43.Qxb6 Qb5
44.Qxb5 Rxf1+ 45.Bxf1 axb5 46.b3 cxb3 47.axb3 Rc8 48.c4 b4 49.Kf2 Re8 50.Ke3 Rxe5+
51.Kd4 f6 52.c5 Kf7 53.Kc4 Re4+ 54.Kb5 Ke7 55.Bd3 Re3 56.Kc4 f5 57.Bf1 Re4+
58.Kb5 Kd8 59.Bg2 Rd4 60.Kb6 Rd2 61.Bb7 Rc2 62.c6 g5 63.Ba6 Rc3 64.Kb7 g4
65.hxg4 fxg4 66.Bc4  1-0

[Event "WY Boys-U18"]
[Site "Porto Carras GRE"]
[Date "2010.10.23"]
[Round "4.12"]
[White "Martin Fuentes,A"]
[Black "Alonso Rosell,A"]
[Result "0-1"]
[WhiteElo "2316"]
[BlackElo "2485"]

1.e4 d5 2.exd5 Qxd5 3.Nc3 Qd6 4.d4 Nf6 5.Nf3 g6 6.g3 Bg7 7.Bg2 Qa6 8.Ne2 O-O
9.Bf4 c5 10.dxc5 Nc6 11.Qd3 Qa5+ 12.Qc3 Qa6 13.Qd3 Qxd3 14.cxd3 Nd5 15.O-O-O Bf5
16.Nh4 Be6 17.Bd2 Rfd8 18.a3 Nd4 19.Nxd4 Bxd4 20.Nf3 Bxc5 21.Ng5 Bg4 22.f3 Bf5
23.Ne4 Bb6 24.Rhe1 Nc7 25.Bb4 Rd7 26.g4 Be6 27.Nc5 Bxc5 28.Bxc5 Bb3 29.Rd2 Nd5
30.Kb1 Rc8 31.Bf2 b5 32.Bg3 b4 33.Rc1 Ba2+ 34.Kxa2 Rxc1 35.f4 bxa3 36.Kxa3 Ne3  0-1

[Event "32nd Open"]
[Site "Arco ITA"]
[Date "2010.10.24"]
[Round "9"]
[White "Luciani,C"]
[Black "Riepma,Henk"]
[Result "1-0"]
[WhiteElo "2230"]
[BlackElo "2079"]

1.e4 d5 2.exd5 Qxd5 3.Nc3 Qd6 4.d4 Nf6 5.Bd3 a6 6.Nge2 Bg4 7.f3 Bh5 8.Bf4 Qb6
9.g4 Bg6 10.Qd2 e6 11.O-O-O Bb4 12.a3 Bxd3 13.Qxd3 Bd6 14.Be3 Qa5 15.Bd2 Nbd7
16.g5 Nd5 17.Na2 Qa4 18.c4 N5b6 19.c5 Bxc5 20.dxc5 Nxc5 21.Qc2 Nb3+ 22.Kb1 O-O-O
23.Bc3 Nc4 24.Nac1 Rxd1 25.Qxd1 Nc5 26.Qxa4 Nxa4 27.Bxg7 Rd8 28.Nb3 Rd3 29.Ka2 Rxf3
30.Rc1 b5 31.Nbd4 Re3 32.b3 e5 33.bxc4 exd4 34.Nxd4 Nc3+ 35.Ka1 Na4 36.Nc2 Rh3
37.Be5 c5 38.Bg3 Rh5 39.cxb5 axb5 40.Nd4 Rxg5 41.Nxb5 Kd7 42.Nc3 Nxc3 43.Rxc3 Rd5
44.Kb2 Kc6 45.Rb3 Rd4 46.Rf3 h5 47.Rxf7 h4 48.Rf4  1-0

[Event "Unive Open"]
[Site "Hoogeveen NED"]
[Date "2010.10.24"]
[Round "3"]
[White "De Graaf,D"]
[Black "Caspi,I"]
[Result "0-1"]
[WhiteElo "2225"]
[BlackElo "2457"]

1.e4 d5 2.exd5 Qxd5 3.Nc3 Qd6 4.d4 c6 5.Nf3 Bg4 6.h3 Bxf3 7.Qxf3 Qxd4 8.Be3 Qd6
9.Bd3 Nd7 10.O-O-O Qc7 11.Bf4 Qa5 12.Nb5 e5 13.Bf5 Ngf6 14.Bxd7+ Nxd7 15.Rxd7 Qxb5
16.Bg5 Kxd7 17.Qxf7+ Kc8 18.Rd1 Bc5 19.Qxg7 Rf8 20.Qd7+ Kb8 21.Be7 a5 22.a4 Qb4
23.Bxf8 Bxf8 24.Qxh7 Ka7 25.Kb1 Qxa4 26.Rd7 Qb5 27.Qe4 a4 28.c4 Qc5 29.g4 a3
30.Qc2 Qb4 31.b3 Bc5 32.Ka2 Bd4 33.Qc1 Kb6 34.c5+ Bxc5  0-1

[Event "11th Liberec Open"]
[Site "Liberec CZE"]
[Date "2010.10.24"]
[Round "2"]
[White "Huijzer,Jo"]
[Black "Sorensen,B"]
[Result "0-1"]
[WhiteElo "2088"]
[BlackElo "2271"]

1.e4 d5 2.exd5 Qxd5 3.Nc3 Qd6 4.d4 Nf6 5.Nf3 a6 6.g3 Bg4 7.Bg2 Nc6 8.O-O O-O-O
9.h3 Bh5 10.Bf4 Qb4 11.g4 Bg6 12.a3 Qxb2 13.Qd2 e6 14.Rfb1 Qxc2 15.Qe1 Nd5
16.Rc1 Qb3 17.Nd2 Qb6 18.Nc4 Qxd4 19.Nxd5 exd5 20.Ne5 Qxf4 21.Nxc6 bxc6 22.Qa5 Bd6
23.Qxa6+ Kd7 24.Qxc6+ Ke7 25.Qxd5 Rhe8  0-1

[Event "WY Girls-U12"]
[Site "Porto Carras GRE"]
[Date "2010.10.24"]
[Round "5.2"]
[White "Li,Zhuoling"]
[Black "Osmak,Iulija"]
[Result "0-1"]
[WhiteElo "1863"]
[BlackElo "1979"]

1.e4 d5 2.exd5 Qxd5 3.Nc3 Qd6 4.d4 Nf6 5.Nf3 a6 6.Be2 Nc6 7.h3 Bf5 8.Be3 e6
9.Nh4 Bg6 10.Nxg6 hxg6 11.Bf3 O-O-O 12.Bxc6 Qxc6 13.O-O Bd6 14.Qe2 Rh5 15.f4 Bb4
16.Qf3 Qxf3 17.Rxf3 Bxc3 18.bxc3 Rb5 19.Bc1 c5 20.a4 Ra5 21.Bb2 Ne4 22.Rd3 c4
23.Re3 Nf6 24.Ree1 Nd5 25.g3 Nb6 26.Ba3 Rxa4 27.Bc5 Rxa1 28.Rxa1 Nd5 29.Ra4 b6
30.Ba3 Kb7 31.Rxc4 Ne3 32.Rb4 Nxc2 33.Rb3 Nxa3 34.Rxa3 b5 35.Rb3 Kb6 36.Kf2 Rc8
37.Ke2 a5 38.Kd3 a4 39.Rb1 Ka5 40.Rb4 Ra8 41.Kc2 Rc8 42.Kd3 Rc6 43.h4 Rc7
44.Kc2 Kb6 45.Kd3 a3 46.Rb1 Kc6 47.Ra1 Ra7 48.Kc2 Kd5 49.Kb3 f6 50.Kb4 a2
51.Kb3 Ra4 52.c4+ Rxc4 53.Rxa2 Rxd4 54.Ra7 Rd3+ 55.Kb4 Rxg3 56.Rxg7 Rg4 57.Kxb5 Ke4
58.Re7 Kf5  0-1

[Event "20th World Seniors"]
[Site "Arco ITA"]
[Date "2010.10.28"]
[Round "3"]
[White "Bortolotti,S"]
[Black "Blaeser,R"]
[Result "1/2-1/2"]
[WhiteElo "1778"]
[BlackElo "2116"]

1.e4 d5 2.exd5 Qxd5 3.Nc3 Qd6 4.d4 Nf6 5.Nf3 a6 6.a4 b6 7.Ne5 Nc6 8.Nxc6 Qxc6
9.f3 e6 10.Bd3 Qd7 11.Ne2 c5 12.Be3 Bb7 13.dxc5 Bxc5 14.Bxc5 bxc5 15.O-O O-O
16.Nc3 Rfd8 17.Qe2 Qd4+ 18.Kh1 Nh5 19.Be4 Nf4 20.Qe1 Bxe4 21.Qxe4  1/2-1/2

[Event "11th Liberec Open"]
[Site "Liberec CZE"]
[Date "2010.10.28"]
[Round "6"]
[White "Kulhanek,T"]
[Black "Sorensen,B"]
[Result "1-0"]
[WhiteElo "2391"]
[BlackElo "2271"]

1.e4 d5 2.exd5 Qxd5 3.Nc3 Qd6 4.d4 Nf6 5.Bd3 Nc6 6.Nge2 Bg4 7.f3 Bh5 8.Bf4 Qd7
9.d5 Nxd5 10.Nxd5 Qxd5 11.Bxc7 Rc8 12.Bg3 e5 13.Bf5 Rd8 14.Qxd5 Rxd5 15.Be4 Rb5
16.O-O-O Bc5 17.c3 Bg6 18.Bxg6 hxg6 19.b4 Be7 20.a3 Bg5+ 21.Kc2 Ne7 22.c4 Rb6
23.Nc3 Nf5 24.Nd5 Rc6 25.Bxe5 Rxc4+ 26.Kb3 Rc6 27.g4 f6 28.Bc3 Nd6 29.Rhe1+ Kf8
30.Ne7  1-0

[Event "20th World Seniors"]
[Site "Arco ITA"]
[Date "2010.10.29"]
[Round "4"]
[White "Malmdin,N"]
[Black "Lucena,L"]
[Result "1/2-1/2"]
[WhiteElo "2300"]
[BlackElo "2129"]

1.e4 d5 2.exd5 Qxd5 3.Nc3 Qd8 4.Nf3 g6 5.Bc4 Bg7 6.d3 Nh6 7.Bf4 c6 8.Qd2 Nf5
9.Ne5 Nd6 10.Bb3 f6 11.Nc4 Nf5 12.O-O b5 13.Ne3 Nd4 14.Rfe1 e5 15.Nf1 Nxb3
16.axb3 O-O 17.Bh6 a6 18.Bxg7 Kxg7 19.Ng3 Ra7 20.Nce4 Re7 21.Nc5 Qd4 22.Qc3 Qxc3
23.bxc3 f5 24.f3 Rfe8 25.Kf2  1/2-1/2

[Event "WY Girls-U16"]
[Site "Porto Carras GRE"]
[Date "2010.10.29"]
[Round "10.13"]
[White "Ivanenko,O2"]
[Black "Leks,M"]
[Result "1-0"]
[WhiteElo "2108"]
[BlackElo "2052"]

1.e4 d5 2.exd5 Qxd5 3.Nc3 Qd6 4.d4 Nf6 5.Nf3 a6 6.g3 Nc6 7.Bf4 Qb4 8.a3 Qb6
9.d5 Na7 10.Ne5 c5 11.Nc4 Qd8 12.Qe2 e6 13.O-O-O Bd7 14.Bh3 e5 15.Qxe5+ Qe7
16.Bxd7+ Nxd7 17.Qc7 Qd8 18.Rhe1+ Be7 19.d6 Qxc7 20.dxc7 b5 21.Nd5 Nc8 22.Nd6+  1-0

[Event "14th OIBM"]
[Site "Bad Wiessee GER"]
[Date "2010.10.30"]
[Round "1.43"]
[White "Kroencke,U"]
[Black "Pirrot,D"]
[Result "0-1"]
[WhiteElo "1978"]
[BlackElo "2403"]

1.e4 d5 2.exd5 Qxd5 3.Nc3 Qd6 4.Bc4 a6 5.d3 Nf6 6.Bg5 Nbd7 7.Qd2 b5 8.Bb3 Bb7
9.f3 e6 10.a3 c5 11.a4 b4 12.Ne4 Qc7 13.Ne2 Be7 14.O-O h6 15.Bf4 e5 16.Bg3 O-O
17.Kh1 Rad8 18.Nxf6+ Bxf6 19.Qe3 Rfe8 20.Qf2 Nb6 21.Qe1 a5 22.Bh4 Bxh4 23.Qxh4 Ba6
24.f4 e4 25.f5 exd3 26.Nf4 c4 27.f6 Rd6 28.fxg7 cxb3 29.Nh5 dxc2 30.Nf6+ Rxf6
31.Qxf6 Re6  0-1

[Event "WY Boys-U18"]
[Site "Porto Carras GRE"]
[Date "2010.10.30"]
[Round "11.11"]
[White "Idani,P"]
[Black "Alonso Rosell,A"]
[Result "1-0"]
[WhiteElo "2278"]
[BlackElo "2485"]

1.e4 d5 2.exd5 Qxd5 3.Nc3 Qd6 4.d4 Nf6 5.Nf3 g6 6.Bc4 Bg7 7.O-O a6 8.Qe2 O-O
9.Re1 e6 10.Bg5 Nbd7 11.Rad1 b5 12.Bb3 Bb7 13.Bh4 Qb6 14.a4 b4 15.Nb1 c5
16.Nbd2 cxd4 17.Nc4 Qc5 18.Nxd4 Rfe8 19.Nf3 Bd5 20.Bg3 Ne4 21.Ne3 Nxg3 22.hxg3 Bxb3
23.cxb3 Nf6 24.Rc1 Qe7 25.Ne5 Ne4 26.Nc6 Qb7 27.Na5 Qe7 28.Nec4 f5 29.Nc6 Qc7
30.Nd2 Nxd2 31.Qxd2 a5 32.Rc4 Qf7 33.Rc5 e5 34.Nxe5 Qxb3 35.Re3 Qa2 36.Nc4 Kh8
37.Rxe8+ Rxe8 38.Qd7 Rg8 39.Rc7 Qb1+ 40.Kh2 f4 41.Ne5 fxg3+ 42.fxg3 h6 43.Nf7+ Kh7
44.Nxh6 Kxh6 45.Qh3+ Kg5 46.Qh4+ Kf5 47.Qf4+ Ke6 48.Qf7+ Ke5 49.Qxg8 Bf6
50.Rc5+ Kd4 51.Qd5+ Ke3 52.Qf3+ Kd4 53.Rd5+ Kc4 54.Rxa5  1-0

[Event "20th World Seniors Women"]
[Site "Arco ITA"]
[Date "2010.11.01"]
[Round "5"]
[White "Miednikova,S"]
[Black "Khmiadashvili,T"]
[Result "1/2-1/2"]
[WhiteElo "2146"]
[BlackElo "2162"]

1.e4 d5 2.exd5 Qxd5 3.Nc3 Qd6 4.d4 c6 5.Nf3 Bg4 6.Bc4 e6 7.Be3 Nf6 8.h3 Bxf3
9.Qxf3 Nbd7 10.O-O Nb6 11.Bd3 Be7 12.Rad1 O-O-O 13.Bf4 Qb4 14.Ne2 Qa5 15.c4 c5
16.dxc5 Qxc5 17.a3 Qc6 18.Qxc6+ bxc6 19.c5 Nbd5 20.Ba6+ Kd7 21.b4 Ne8 22.Nc3 Nc7
23.Nxd5 exd5 24.Bd3 g6 25.Be5 Rhe8 26.f4 a5 27.g4 axb4 28.axb4 f6 29.Bc3 Ra8
30.Ra1 Ke6 31.f5+ Kf7 32.Rxa8 Rxa8 33.Ra1 Rxa1+ 34.Bxa1 Bf8 35.Kf2 Bh6 36.Ke2 Bf4
37.Bd4 g5  1/2-1/2

[Event "14th OIBM"]
[Site "Bad Wiessee GER"]
[Date "2010.11.01"]
[Round "4.12"]
[White "Mainka,R"]
[Black "Lomineishvili,M"]
[Result "1-0"]
[WhiteElo "2483"]
[BlackElo "2355"]

1.e4 d5 2.exd5 Qxd5 3.Nc3 Qd6 4.d4 Nf6 5.Nf3 a6 6.g3 Bg4 7.Bg2 Nc6 8.O-O O-O-O
9.h3 Bh5 10.Be3 e5 11.dxe5 Nxe5 12.g4 Qxd1 13.Raxd1 Rxd1 14.Rxd1 Nxf3+ 15.Bxf3 Bg6
16.g5 Bh5 17.Kg2 Bxf3+ 18.Kxf3 Nd7 19.Ne4 Be7 20.Bd4 f6 21.h4 Rf8 22.Kg3 f5
23.Nc3 Bd6+ 24.Kg2 Ne5 25.Nd5 Ng6 26.Rh1 c6 27.Nb6+ Kc7 28.Nc4 Nf4+ 29.Kf3 Ne6
30.Bb6+  1-0

[Event "VII Open"]
[Site "Figueira da Foz POR"]
[Date "2010.11.01"]
[Round "2.8"]
[White "Guerreiro,N"]
[Black "Kasparov,S"]
[Result "0-1"]
[WhiteElo "2103"]
[BlackElo "2485"]

1.e4 d5 2.exd5 Qxd5 3.Nc3 Qd6 4.d4 Nf6 5.Nf3 c6 6.Bc4 Bg4 7.Qd3 Bxf3 8.gxf3 e6
9.Be3 Nbd7 10.f4 g6 11.Bb3 Qc7 12.Ne2 O-O-O 13.O-O h6 14.c4 g5 15.f5 Ne5
16.Qc2 Nf3+  0-1

[Event "14th OIBM"]
[Site "Bad Wiessee GER"]
[Date "2010.11.02"]
[Round "5.32"]
[White "Poetsch,H"]
[Black "Wunder,S"]
[Result "1-0"]
[WhiteElo "2395"]
[BlackElo "2161"]

1.e4 d5 2.exd5 Qxd5 3.Nc3 Qd6 4.d4 Nf6 5.Nf3 a6 6.g3 Bg4 7.Bg2 Nc6 8.O-O O-O-O
9.h3 Bh5 10.d5 Nb4 11.Bf4 Qc5 12.Be3 Qd6 13.Qe2 Nbxd5 14.Nxd5 Nxd5 15.Rad1 b5
16.a4 b4 17.g4 Bg6 18.Ne5 e6 19.Bc5  1-0

[Event "14th OIBM"]
[Site "Bad Wiessee GER"]
[Date "2010.11.02"]
[Round "5.23"]
[White "Roy Chowdhury,S"]
[Black "Weisenburger,H"]
[Result "1-0"]
[WhiteElo "2457"]
[BlackElo "2198"]

1.e4 d5 2.exd5 Qxd5 3.Nc3 Qd6 4.d4 Nf6 5.Nf3 a6 6.g3 Bg4 7.Bg2 Nc6 8.O-O O-O-O
9.h3 Bh5 10.Bf4 Qd7 11.g4 Bg6 12.Qc1 Ne4 13.Re1 Nxc3 14.bxc3 h5 15.Rb1 b6
16.Ne5 Nxe5 17.Rxe5 Qa4 18.Rb4 Qxa2 19.Rb2 Qa4 20.Qb1 hxg4 21.Rxb6 Rd6 22.Rb8+ Kd7
23.Qb7  1-0

[Event "VII Open"]
[Site "Figueira da Foz POR"]
[Date "2010.11.02"]
[Round "4.28"]
[White "Sousa,Joa"]
[Black "Dias,Jose OG"]
[Result "1-0"]
[WhiteElo "1876"]
[BlackElo "1639"]

1.e4 d5 2.exd5 Qxd5 3.Nc3 Qd6 4.Bc4 Nf6 5.Nge2 a6 6.d4 b5 7.Bf4 Qc6 8.Bb3 e6
9.f3 Bb4 10.O-O O-O 11.Qe1 Bb7 12.Rd1 Qb6 13.Qh4 Nbd7 14.Kh1 c5 15.dxc5 Bxc5
16.Ng3 Rfe8 17.Nce4 Bxe4 18.fxe4 Nf8 19.Bg5 Ng6 20.Qh3 Bd4 21.c3 Be5 22.Bxf6 Bxf6
23.Rxf6 gxf6 24.Nh5 e5 25.Qf5 Red8 26.Nxf6+ Kg7 27.Rf1 Ra7 28.Nh5+ Kh6 29.Nf6 Kg7
30.Bxf7 Rxf7 31.Ne8+ Kh6 32.Qxf7 Qc6 33.Nf6 Rh8 34.Ng4+ Kh5 35.Qf5+ Kh4 36.g3+ Kh3
37.Nf2+  1-0

[Event "Chigorin Mem Classic Open"]
[Site "St Petersburg RUS"]
[Date "2010.11.03"]
[Round "7"]
[White "Bronnikova,E"]
[Black "Salov,Vi"]
[Result "1/2-1/2"]
[WhiteElo "2270"]
[BlackElo "1983"]

1.e4 d5 2.exd5 Qxd5 3.Nc3 Qd6 4.d4 a6 5.Be3 Nf6 6.h3 b5 7.Nf3 e6 8.Bd3 Bb7
9.Qe2 Be7 10.O-O-O O-O 11.Ng5 Nc6 12.Kb1 Nb4 13.Nce4 Nxe4 14.Bxe4 Bxg5 15.Bxb7 Rab8
16.Be4 Bxe3 17.Qxe3 Nd5 18.Qd3 Nf6 19.Bf3 Rfd8 20.g4 Rd7 21.g5 Nd5 22.h4 Nb4
23.Qe3 Nd5 24.Qd3 Nb4 25.Qd2 c5 26.c3 Nd5 27.dxc5 Qxc5 28.Qd4 Qxd4 29.Rxd4 b4
30.cxb4 Rxb4 31.Rxb4 Nxb4 32.a3 Nd5 33.Rc1 Kf8 34.Rc6 Nf4 35.Kc2 Nd3 36.Be4 Nxf2
37.Bf3 e5 38.Rxa6 e4 39.Be2 e3 40.Ra8+ Ke7 41.Bb5 Rd2+ 42.Kb3 Nd1 43.Re8+ Kd6
44.Rd8+ Kc5 45.Rxd2 exd2 46.Kc2 Nxb2 47.Be2 d1=Q+ 48.Bxd1 Nc4 49.Kb3 Nxa3
50.Kxa3 Kd4 51.Kb4 Ke5 52.Kc5 f5 53.gxf6 Kxf6 54.Kd6 h5 55.Bxh5 g5  1/2-1/2

[Event "20th World Seniors"]
[Site "Arco ITA"]
[Date "2010.11.05"]
[Round "10"]
[White "Jansa,Vl"]
[Black "Rukavina,J"]
[Result "1-0"]
[WhiteElo "2499"]
[BlackElo "2423"]

1.e4 d5 2.exd5 Qxd5 3.Nc3 Qd6 4.d4 Nf6 5.Nf3 Bg4 6.h3 Bh5 7.g4 Bg6 8.Bg2 Nbd7
9.Be3 c6 10.Qe2 Nd5 11.Nxd5 cxd5 12.Ne5 e6 13.O-O Rd8 14.f4 Be4 15.Bxe4 dxe4
16.Bf2 f5 17.Rad1 Be7 18.Qb5 O-O 19.Qxb7 fxg4 20.Qxe4 gxh3 21.c4 Nxe5 22.fxe5 Qb6
23.b3 Rf5 24.Be3 Rdf8 25.Rxf5 Rxf5 26.Kh2 Qa6 27.Rd2 h6 28.a4 Qb6 29.d5 Qxb3
30.d6 Bd8 31.c5 Qc3 32.c6 Rxe5 33.Rc2 Qa5 34.Qd4 Rd5 35.c7 Rxd4 36.Bxd4 Qg5
37.c8=Q Kh7 38.Rf2  1-0

[Event "14th OIBM"]
[Site "Bad Wiessee GER"]
[Date "2010.11.05"]
[Round "8.50"]
[White "Gschwendtner,K"]
[Black "Stockmann,M"]
[Result "0-1"]
[WhiteElo "2139"]
[BlackElo "2248"]

1.e4 d5 2.exd5 Qxd5 3.Nc3 Qd6 4.g3 Nf6 5.Bg2 c6 6.d4 Bg4 7.Nge2 e6 8.a3 Qc7
9.Bf4 Bd6 10.Qd2 Nbd7 11.h3 Bh5 12.Bxd6 Qxd6 13.Nf4 Bg6 14.Nxg6 hxg6 15.O-O-O O-O-O
16.Rhe1 Nb6 17.Bf1 Rd7 18.Kb1 Rhd8 19.Qe3 Qc7 20.Ne4 Nbd5 21.Qf3 Nxe4 22.Qxe4 Nf6
23.Qe3 c5 24.c3 Qb6 25.Rc1 cxd4 26.cxd4+ Kb8 27.Rc5 Rxd4 28.Rec1 R4d5 29.Rxd5 Rxd5
30.Qf4+ Qd6 31.Qc4 Qd7 32.Bg2 Rd2 33.Qf4+ Qd6 34.Qc4 Qd3+ 35.Qxd3 Rxd3 36.Kc2 Rd6
37.Re1 Kc7 38.Re3 Nd7 39.Rc3+ Kb8 40.Rc4 e5 41.Rb4 Nc5 42.Rh4 Nd3 43.Bf1 Nxf2
44.Rh7 Nd1 45.Be2 Ne3+ 46.Kc3 Nf5 47.g4 Rc6+ 48.Kd2 Nd4 49.Bd1 Rb6 50.b4 Rd6
51.Ke3 Nb5 52.Bb3 Nxa3 53.Rxg7 f5 54.g5 e4 55.Bf7 Rd3+ 56.Ke2 Rxh3 57.Bxg6 f4
58.Bf5 Rh2+ 59.Kf1 e3 60.Be4 Nc4 61.Rxb7+ Kc8 62.Re7 Kd8 63.Re6 f3 64.Bxf3 Nd2+
65.Kg1 Nxf3+ 66.Kf1 Rf2+  0-1